000
00202 a2200097 4500
001
3439
100
_a
Kahin, G M
245
_a
Major governments of Asia
260
_a
_b
Cornell
_c
090
_c
2708
_d
2708
942
_a
NUST-CAE
_c
M
_c
18980
999
_c
238512
_d
238512